Autor, dzieło, wydawca

Titel: Autor, dzieło, wydawca / Jan Trzynadlowski
Verfasser:
Ausgabe: 2. wyd., uzup.
Veröffentlicht: Wrocław : Ossolineum, 1988
Umfang: 212 S.
Format: Buch
Sprache: Polnisch
Schlagworte:
ISBN: 8304028409
Buchumschlag
X
Lokale Klassifikation: 32 10 E ; 32 15 H
alg: 2678412
001A    $00077:28-10-93 
001B    $01999:28-04-23 $t20:51:00.000 
001C    $03004:26-04-11 $t13:42:15.000 
001D    $09999:99-99-99 
001U    $0utf8 
001X    $00 
002@    $0Aayc 
003@    $0026784122 
003O    $025904224 $aOCoLC 
004A    $083-04-02840-9 
007A    $0026784122 $aHEB 
007G    $0DE0204DAC1BE964DD2412C12578AA0027E320 
007T    $0Herdhh026784122 
009P    $qapplication/pdf $A2 $3Inhaltsverzeichnis $uhttp://scans.hebis.de/HEBCGI/show.pl?02678412_toc.pdf $mV:DE-603;B:DE-Mb50 
010@    $apol 
011@    $a1988 $n1988 
013H    $0z 
015@    $00 
021A    $aAutor, dzieło, wydawca $hJan Trzynadlowski 
028A    $#Trzynadlowski, Jan Józef $7118860712 $8Trzynadlowski, Jan$Z1912-1995 [Tp1] $9087201194 
032@    $a2. wyd., uzup. 
033A    $pWrocław $nOssolineum 
034D    $a212 S. 
044K    $RUrheber $RAutorin $#Authors $#Écrivains $#Autor $#Autoren/Schriftsteller $#Verfasser $#Autoren $74003982-1 $8Autor [Ts1] $9085002402 
044K    $REdition $RBearbeitung $RHerausgeberin $#Herausgeber $#Herausgebertätigkeit $#Herausgeberschaft $74159575-0 $8Herausgeber [Ts1] $9085694193 
044K    $RBuchhandel $RVerleger $#Publishers and publishing $#Édition $#Buchverlag $#Verlagswesen $#Verlag $#Verlag/Verlagswesen $#Verlage $#Buchverlag $#Verlagsbuchhandlung $#Verlagswesen $#Verlagsbuchhandel $74063004-3 $8Verlag [Ts1] $9085176273 
045F    $a809 $eDDC23BSB 
045F/01 $a809 
045F/03 $g438 
045G    $a002.09438 $eDDC23BSB 
045G/01 $a002.09 
045G/03 $g438 
045H    $a800 $eDDC23BSB 
045H/01 $a800 
045H/03 $g438 

lok: 2678412 24
101B    $006-06-11 $t11:34:26.000 
101C    $006-06-11 
101U    $0utf8 
145Z/01 $a32 10 E 
145Z/02 $a32 15 H 

exp: 2678412 24 1 #EPN
201B/01 $006-06-11 $t11:34:26.000 
201C/01 $026-04-11 
201U/01 $0utf8 
203@/01 $0618010610 
208@/01 $a06-06-11 $bz 
209A/01 $a11.03726 $du $f050 $h11 03726 $x00 
209C/01 $a11.03726 K $h11 03726 K 
209G/01 $a72852621 $x00 
220C/01 $akon/nie 
247C/01 $8358050-7 Marburg, Bibliothek des Herder-Instituts Marburg $9102600961 

lok: 2678412 25

exp: 2678412 25 1 #EPN
201B/01 $005-08-25 $t12:53:55.000 
201U/01 $0utf8 
203@/01 $0075063697 
208@/01 $a13-11-03 $br 
209A/01 $aY 20-0-T30 $dd $f075 $x00 
209C/01 $a11105/90 
209G/01 $a75283998 $x00 
209G/01 $aSlavistik $x01 
247C/01 $8651075-9 <77/075>Mainz, Universität Mainz, Bereichsbibliothek Philosophicum, Standort Slavistik $9102600244 

lok: 2678412 66

exp: 2678412 66 1 #EPN
201B/01 $016-10-09 $t18:38:34.000 
201U/01 $0utf8 
203@/01 $0582932858 
208@/01 $a15-10-09 $br 
209A/01 $aVk Trz/Au $du $f000 $x00 
209C/01 $a89/d531GV 
247C/01 $8618123-5 Darmstadt, Bibliothek des Deutschen Polen-Instituts $9102600902 

lok: 2678412 78

exp: 2678412 78 1 #EPN
201B/01 $019-04-17 $t17:40:12.000 
201U/01 $0utf8 
203@/01 $0793629578 
208@/01 $a12-11-16 $be 
209A/01 $a/ $f000 $x00 
237A/01 $aweiterführende Signatur(en): Herder-Institut: 11.03726 
244Z/01 $2Trx $#Poola $#Lenkija $#Polija $#Polen Land $#Poland $#Lengyelország $#Poľsko $#Polsko $8--Trx--Polska$gkraj $x01 $9391345966 
244Z/01 $aAutor $x02 
244Z/01 $aHerausgeber $x03 
244Z/01 $aVerlag $x04 
244Z/01 $2Trx $8--Trx--Monographie $x05 $9391384546 
245Z/01 $a11.08 $x01 
247C/01 $82080>Marburg/Lahn, Herder-Institut, Forschungsbibliothek, Bibliographieportal $9336309341
LEADER 00000cam a22000002c 4500
001 026784122
003 DE-603
005 20230428205100.0
007 tu
008 931028s1988 xx |||| | u00||u|pol c
020 |a 8304028409 
035 |a (DE-599)HEB026784122 
035 |a (OCoLC)25904224 
040 |a DE-603  |b ger  |c DE-603  |d DE-603 
041 |a pol 
082 0 4 |8 1\u  |a 809  |q DE-101  |2 23/BSB 
083 0 |8 2\u  |a 002.09438  |q DE-101  |2 23/BSB 
083 0 |8 3\u  |a 800  |q DE-101  |2 23/BSB 
085 |8 1\u  |b 809 
085 |8 1\u  |z 2  |s 438 
085 |8 2\u  |b 002.09 
085 |8 2\u  |z 2  |s 438 
085 |8 3\u  |b 800 
085 |8 3\u  |z 2  |s 438 
100 1 |a Trzynadlowski, Jan  |d 1912-1995  |0 (DE-603)087201194  |0 (DE-588)118860712  |2 gnd 
245 0 0 |a Autor, dzieło, wydawca  |c Jan Trzynadlowski 
250 |a 2. wyd., uzup. 
264 1 |a Wrocław  |b Ossolineum  |c 1988 
300 |a 212 S. 
650 7 |a Autor  |0 (DE-588)4003982-1  |0 (DE-603)085002402  |2 gnd 
650 7 |a Herausgeber  |0 (DE-588)4159575-0  |0 (DE-603)085694193  |2 gnd 
650 7 |a Verlag  |0 (DE-588)4063004-3  |0 (DE-603)085176273  |2 gnd 
856 4 2 |m V:DE-603;B:DE-Mb50  |q application/pdf  |u http://scans.hebis.de/HEBCGI/show.pl?02678412_toc.pdf  |3 Inhaltsverzeichnis 
924 0 |9 Mb 50  |a (DE-603)618010610  |b DE-Mb50  |c HES  |d c  |g 11.03726 
924 0 |9 77/075  |a (DE-603)075063697  |b DE-77-075  |c HES  |d d  |g Y 20-0-T30 
924 0 |9 Ds 123  |a (DE-603)582932858  |b DE-Ds123  |c HES  |d d  |g Vk Trz/Au 
924 0 |9 2080  |a (DE-603)793629578  |b DE-2080  |c HES  |d d  |g /